Normal view
MARC view
Entry Uniform Title
001 - CONTROL NUMBER
- control field: 11087
003 - CONTROL NUMBER IDENTIFIER
- control field: dpl
005 - DATE AND TIME OF LATEST TRANSACTION
- control field: 20100811144413.0
008 - FIXED-LENGTH DATA ELEMENTS
- fixed length control field: 100811|||a|||||| | ||| d
040 ## - CATALOGING SOURCE
- Original cataloging agency: dpl
- Transcribing agency: dpl
130 ## - HEADING--UNIFORM TITLE
- Uniform title: Maktaba Al Hasanat Publication Series No.:22
670 ## - SOURCE DATA FOUND
- Source citation: Work cat.: (dpl): Muhammad Abdul Hai 11086, Stories of messengers /, 2008
670 ## - SOURCE DATA FOUND
- Source citation: Work cat.: (dpl): Muhammad Abdul Hai 11086, Stories of messengers /, 2008
